Rzymscy cesarze - Statystyki

Ogólne statystyki
  • Ten quiz został rozwiązany 98 razy
  • Średni wynik to 12 z 19
Statystyki odpowiedzi
Obrazkowy Hint Odpowiedź % Poprawnych
Dynastia Julijsko-Klaudyjska Neron
93%
Dynastia Julijsko-Klaudyjska Oktawian August
90%
Dynastia Julijsko-Klaudyjska Kaligula
86%
Dynastia Julijsko-Klaudyjska Klaudiusz
80%
Dynastia Antoninów Marek Aureliusz
76%
Dynastia Julijsko-Klaudyjska Tyberiusz
69%
Dynastia Antoninów Kommodus
65%
Dynastia Sewerów Septymiusz Sewer
59%
Dynastia Antoninów Trajan
59%
Dynastia Flawiuszów Wespazjan
59%
Dynastia Antoninów Hadrian
58%
Dynastia Flawiuszów Tytus
58%
Dynastia Flawiuszów Domicjan
54%
Dynastia Antoninów Antoninus Pius
52%
Dynastia Antoninów Nerwa
51%
Dynastia Sewerów Karakalla
49%
Dynastia Sewerów Geta
44%
Dynastia Sewerów Heliogabal
42%
Dynastia Antoninów Lucjusz Werus
32%
Nie znaleziono quizów pasujących do podanych kryteriów
Rozkład punktacji
Procent ludzi z każdym wynikiem
Percentyl według liczby udzielonych odpowiedzi
Twoja historia wyników
Nie rozwiązałeś tego quizu